000
00213nam a2200097Ia 4500
008
220204s9999 xx 000 0 und d
082
_a
82-3
_b
KNI
245
0
_a
Tomorrow and tomorrow
700
_a
Damon
942
_c
BK
999
_c
24334
_d
24334